[Event "World Youth U16 Olympiad"]
[Site "Gyor HUN"]
[Date "2014.12.15"]
[Round "4.17"]
[Board "1"]
[White "Mraz, Ondrej"]
[Black "Puccini, Jack"]
[Result "0-1"]
[BlackTitle "CM"]
[WhiteElo "2138"]
[BlackElo "2188"]
[WhiteTeam "Slovakia Middle"]
[BlackTeam "Australia"]
[WhiteFideId "14900335"]
[BlackFideId "3213307"]
[EventDate "2014.12.13"]
[EventType "team"]

1. e4 c5 2. Nf3 d6 3. d4 cxd4 4. Nxd4 Nf6 5. Nc3 a6 6. Be3 e6 7. Be2 Be7 8. f4
O-O 9. Qd2 Qc7 10. g4 b5 11. g5 b4 12. Nd5 exd5 13. gxf6 Bxf6 14. exd5 Nd7 15.
O-O-O Nc5 16. Kb1 Re8 17. Nb3 Ne4 18. Qe1 Nc3+ 19. bxc3 Rxe3 20. Rd3 Re8 21.
cxb4 Qe7 22. Nc1 Bf5 23. Qd2 Bxd3 24. Bxd3 g6 25. Nb3 Bg7 26. c4 Qf6 27. a4 Re3
28. Kc1 Rae8 29. b5 axb5 30. axb5 Qxf4 31. Kc2 Qe5 32. Rb1 Rh3 0-1

[Event "World Youth U16 Olympiad"]
[Site "Gyor HUN"]
[Date "2014.12.15"]
[Round "4.17"]
[Board "2"]
[White "Loh, Zachary"]
[Black "Haring, Viktor"]
[Result "1-0"]
[WhiteElo "2075"]
[BlackElo "2051"]
[WhiteTeam "Australia"]
[BlackTeam "Slovakia Middle"]
[WhiteFideId "3210383"]
[BlackFideId "14919400"]
[EventDate "2014.12.13"]
[EventType "team"]

1. e4 c5 2. a3 g6 3. Nc3 Bg7 4. Bc4 Nc6 5. d3 e6 6. f4 d6 7. Nf3 Nge7 8. O-O a6
9. Kh1 O-O 10. Qe1 b5 11. Ba2 Qc7 12. Qh4 Nd4 13. f5 exf5 14. Bh6 fxe4 15. Nxd4
cxd4 16. Bxg7 Kxg7 17. Qf6+ Kh6 18. Nd5 Nxd5 19. Bxd5 1-0

[Event "World Youth U16 Olympiad"]
[Site "Gyor HUN"]
[Date "2014.12.15"]
[Round "4.17"]
[Board "3"]
[White "Sahidi, Samir"]
[Black "Chew Lee, Max"]
[Result "0-1"]
[WhiteElo "2026"]
[BlackElo "1931"]
[WhiteTeam "Slovakia Middle"]
[BlackTeam "Australia"]
[WhiteFideId "14936372"]
[BlackFideId "3213137"]
[EventDate "2014.12.13"]
[EventType "team"]

1. e4 e6 2. d3 d5 3. Nd2 Nf6 4. g3 b6 5. Bg2 Bb7 6. e5 Nfd7 7. f4 Be7 8. Ngf3
Nc6 9. O-O h6 10. d4 g5 11. Nb3 Nf8 12. Qd2 g4 13. Ne1 Qd7 14. f5 exf5 15. Qf2
Ne6 16. Qxf5 O-O-O 17. c3 h5 18. Be3 h4 19. Kf2 Ba6 20. Rh1 f6 21. exf6 Rdf8 22.
Qxg4 Rhg8 23. Qh5 Rxf6+ 24. Bf3 hxg3+ 25. hxg3 Bd6 26. Rg1 Qg7 27. g4 Rh8 28.
Qxd5 Rh2+ 29. Rg2 Qxg4 30. c4 Rxg2+ 31. Nxg2 Bg3+ 32. Kg1 Rxf3 33. Qxc6 Bb7 34.
Qe8+ Nd8 35. Qh8 Rf5 36. d5 Rh5 37. Qd4 Bh2+ 38. Kf1 Qf3+ 39. Ke1 Qxg2 40. Kd1
Be5 41. Qd2 Qf3+ 42. Kc2 Rh2 43. Qxh2 Bxh2 44. Bd4 Qe2+ 45. Kc3 Ba6 46. c5 Qc4+
47. Kd2 Bf4+ 0-1

[Event "World Youth U16 Olympiad"]
[Site "Gyor HUN"]
[Date "2014.12.15"]
[Round "4.18"]
[Board "1"]
[White "Conradie, Andre"]
[Black "Boldoo, Erdenepurev"]
[Result "0-1"]
[WhiteElo "1760"]
[BlackElo "2093"]
[WhiteTeam "South Africa 2"]
[BlackTeam "Mongolia"]
[WhiteFideId "14304570"]
[BlackFideId "4901037"]
[EventDate "2014.12.13"]
[EventType "team"]

1. e4 c5 2. Nc3 e6 3. d3 a6 4. g3 b5 5. Bg2 Bb7 6. Nf3 d5 7. exd5 exd5 8. O-O
Be7 9. d4 c4 10. Re1 Nf6 11. Qe2 Nc6 12. Ne5 Nxd4 13. Qd1 Ne6 14. Bh3 Nc7 15.
Bg5 O-O 16. Qe2 h6 17. Be3 Bd6 18. Nf3 Re8 19. Rad1 Ne6 20. Bxe6 Rxe6 21. Nd4
Re8 22. Qf3 Be5 23. Nce2 b4 24. Bd2 Qb6 25. Be3 Qa5 26. c3 bxc3 27. Nxc3 Qc7 28.
Qf5 Bc8 29. Qc2 Bg4 30. Rd2 Qd7 31. f4 Bc7 32. b3 Ba5 33. Rg2 Ne4 34. Bd2 Qa7
35. Rxe4 dxe4 36. Be3 Bb6 37. Qf2 cxb3 0-1

[Event "World Youth U16 Olympiad"]
[Site "Gyor HUN"]
[Date "2014.12.15"]
[Round "4.18"]
[Board "2"]
[White "Munkhbayar, Gijir"]
[Black "Gluckman, Paul"]
[Result "1-0"]
[WhiteTitle "FM"]
[BlackTitle "FM"]
[WhiteElo "1967"]
[BlackElo "1696"]
[WhiteTeam "Mongolia"]
[BlackTeam "South Africa 2"]
[WhiteFideId "4901584"]
[BlackFideId "14309513"]
[EventDate "2014.12.13"]
[EventType "team"]

1. d4 f5 2. Nf3 e6 3. g3 Nf6 4. Bg2 d5 5. c4 c6 6. O-O Bd6 7. Nc3 O-O 8. Qc2 Ne4
9. Rb1 Nd7 10. b4 Ndf6 11. b5 Qe8 12. a4 a5 13. bxc6 bxc6 14. Bg5 Ba6 15. Bxf6
Nxf6 16. Nb5 cxb5 17. axb5 Rc8 18. bxa6 Rxc4 19. Qa2 Bb4 20. Rfd1 Ne4 21. Ne5
Nc3 22. Qb3 Rxd4 23. Rxd4 Nxe2+ 24. Kh1 Nxd4 25. Qe3 Nc6 26. a7 Nxe5 27. Qxe5
Qc6 28. Qb8 Qc8 29. Qb6 Kf7 30. h4 Re8 31. Bf1 Qa8 32. Rc1 Qd8 33. Rc7+ Kg6 34.
Qb7 Qa8 35. Bb5 Rd8 36. Rxg7+ Kf6 37. Rf7+ Kg6 38. h5+ Kxh5 39. Rxh7+ Kg4 40.
Be2+ 1-0

[Event "World Youth U16 Olympiad"]
[Site "Gyor HUN"]
[Date "2014.12.15"]
[Round "4.18"]
[Board "3"]
[White "Van Der Lingen, Cornelis Petrus"]
[Black "Agibileg, Uurtsaikh"]
[Result "0-1"]
[WhiteElo "1712"]
[BlackElo "1957"]
[WhiteTeam "South Africa 2"]
[BlackTeam "Mongolia"]
[WhiteFideId "14306620"]
[BlackFideId "4901606"]
[EventDate "2014.12.13"]
[EventType "team"]

1. e4 c5 2. Nf3 e6 3. d4 cxd4 4. Nxd4 Nc6 5. Be3 a6 6. Be2 Nf6 7. Nc3 d6 8. O-O
Be7 9. f4 O-O 10. Bd3 Nxd4 11. Bxd4 b5 12. e5 dxe5 13. Bxe5 Bb7 14. Qe2 Rc8 15.
Rad1 Qb6+ 16. Kh1 b4 17. Na4 Qc6 18. b3 Nd7 19. Bb2 Bf6 20. Rf3 g6 21. Rg3 Rfe8
22. Re3 Qc7 23. f5 e5 24. fxg6 hxg6 25. Bxa6 Bxa6 26. Qxa6 Qxc2 27. Red3 Re6 28.
Qb5 Nf8 29. Qxb4 e4 30. R3d2 Qc6 31. Bxf6 Rxf6 32. Rd4 e3 33. Re4 Qc2 34. Rg1 e2
35. Qe1 Qxe4 36. Nc3 Rxc3 37. Qxc3 Rf1 38. Qe1 Rxe1 39. Rxe1 Qf4 40. Kg1 Qe3+
41. Kh1 Qf2 42. Rxe2 Qf1# 0-1

[Event "World Youth U16 Olympiad"]
[Site "Gyor HUN"]
[Date "2014.12.15"]
[Round "4.18"]
[Board "4"]
[White "Uuriintuya, Uurtsaikh"]
[Black "Marx, Inge"]
[Result "1/2-1/2"]
[WhiteElo "1875"]
[BlackElo "1524"]
[WhiteTeam "Mongolia"]
[BlackTeam "South Africa 2"]
[WhiteFideId "4900227"]
[BlackFideId "14306271"]
[EventDate "2014.12.13"]
[EventType "team"]

1. e4 c5 2. Nf3 d6 3. d4 cxd4 4. Nxd4 Nf6 5. Nc3 g6 6. Be3 Bg7 7. f3 O-O 8. Qd2
Nc6 9. O-O-O Nxd4 10. Bxd4 Be6 11. Kb1 Qc7 12. g4 Rfc8 13. h4 Qa5 14. a3 Rab8
15. h5 b5 16. h6 b4 17. axb4 Qxb4 18. Nd5 Nxd5 19. exd5 Bxd5 20. Bxg7 Bxf3 21.
Qxb4 Rxb4 22. Bh3 Bxh1 23. Rxh1 f6 24. Re1 Kf7 25. Bg2 Rc5 26. Bf3 Rcb5 27. Kc1
Ra5 28. Re3 Rbb5 29. c4 Re5 30. Rb3 Rac5 31. Rc3 a5 32. Bd5+ e6 33. Bg2 d5 34.
cxd5 Rxc3+ 35. bxc3 exd5 36. Bf3 a4 37. Kb2 Ke6 38. Bf8 Re3 39. Bd1 a3+ 40. Bxa3
Rh3 41. Bf8 f5 42. gxf5+ Kxf5 43. Ba4 Rh2+ 44. Kc1 Ke4 45. Bc2+ Ke3 46. Be7 Rh1+
47. Kb2 Kf4 48. Bf8 Ke5 49. Kb3 Rh3 50. Kb4 Rh2 51. Bg7+ Kf4 52. Bb3 Rd2 53. Kc5
Ke4 54. Bd4 g5 55. Bxd5+ Kf5 56. Kd6 Kg6 57. Bg7 g4 58. c4 g3 59. Kc6 g2 60.
Bxg2 Rxg2 61. c5 Rc2 62. Kd6 Rd2+ 63. Ke6 Rc2 64. Kd6 Rd2+ 65. Kc7 Rc2 66. c6
Kf7 67. Kd7 Rd2+ 68. Kc8 Rc2 69. c7 Rxc7+ 70. Kxc7 Kg8 71. Kd7 Kf7 72. Bd4 Kg8
73. Ke6 Kf8 74. Kf6 Kg8 75. Be5 Kf8 76. Bd6+ Kg8 1/2-1/2

[Event "World Youth U16 Olympiad"]
[Site "Gyor HUN"]
[Date "2014.12.15"]
[Round "4.19"]
[Board "1"]
[White "Holtman, Teodor"]
[Black "Kiss, Balint"]
[Result "0-1"]
[WhiteElo "2058"]
[BlackElo "2090"]
[WhiteTeam "Slovakia East"]
[BlackTeam "Austria"]
[WhiteFideId "14933721"]
[BlackFideId "743763"]
[EventDate "2014.12.13"]
[EventType "team"]

1. e4 e5 2. Nf3 Nc6 3. d4 exd4 4. Nxd4 Nf6 5. Nxc6 bxc6 6. e5 Nd5 7. c4 Ne7 8.
Nc3 Ng6 9. f4 d6 10. exd6 Bxd6 11. Qf3 O-O 12. Be2 Nh4 13. Qf2 Qe7 14. Bd2 Bc5
15. Qf1 Rb8 16. g3 Nf5 17. b3 Ne3 18. Bxe3 Bxe3 19. Qf3 Re8 20. h3 Qb4 21. Rd1
Qxc3+ 22. Kf1 Bf5 23. Rh2 Rbd8 24. Qxc6 Rxd1+ 25. Bxd1 Bd3+ 26. Be2 Qc1+ 27. Kg2
Be4+ 28. Qxe4 Rxe4 29. Rh1 Qb2 30. Kf3 Re8 0-1

[Event "World Youth U16 Olympiad"]
[Site "Gyor HUN"]
[Date "2014.12.15"]
[Round "4.19"]
[Board "2"]
[White "Horvath, Dominik"]
[Black "Kravec, Patrik"]
[Result "1/2-1/2"]
[WhiteElo "2017"]
[BlackElo "1976"]
[WhiteTeam "Austria"]
[BlackTeam "Slovakia East"]
[WhiteFideId "1642561"]
[BlackFideId "14923505"]
[EventDate "2014.12.13"]
[EventType "team"]

1. e4 c5 2. Nf3 Nc6 3. d4 cxd4 4. Nxd4 Nf6 5. Nc3 d6 6. Bg5 Qa5 7. Bxf6 gxf6 8.
Nb3 Qg5 9. Qd2 Qxd2+ 10. Nxd2 f5 11. O-O-O Bg7 12. Nd5 Kd8 13. Ne3 fxe4 14. Nxe4
Be6 15. f4 Nd4 16. c3 Rc8 17. Kb1 Nf5 18. Nxf5 Bxf5 19. Bd3 Bxe4 20. Bxe4 Rc7
21. Rhf1 Kd7 22. g4 b5 23. f5 h6 24. Bd5 Rf8 25. Rd2 Bf6 26. Rf3 a5 27. Rh3 Rc5
28. Rdd3 Bg7 29. b4 axb4 30. cxb4 Rc7 31. g5 hxg5 32. Rh7 Be5 33. Bxf7 Kc6 34.
Be6 Kb6 35. a3 Ra8 36. Rdh3 Raa7 37. Rf7 Bf4 38. Rf8 Rc1+ 39. Kb2 Rac7 40. Rb8+
Ka6 41. Ra8+ Kb6 42. Rb8+ Ka6 43. Ra8+ 1/2-1/2

[Event "World Youth U16 Olympiad"]
[Site "Gyor HUN"]
[Date "2014.12.15"]
[Round "4.19"]
[Board "3"]
[White "Sepesi, Samuel"]
[Black "Toelly, Michael"]
[Result "0-1"]
[WhiteElo "1925"]
[BlackElo "1925"]
[WhiteTeam "Slovakia East"]
[BlackTeam "Austria"]
[WhiteFideId "14923084"]
[BlackFideId "1625330"]
[EventDate "2014.12.13"]
[EventType "team"]

1. e4 c5 2. Nf3 e6 3. d4 cxd4 4. Nxd4 Nc6 5. Nc3 Qc7 6. Be3 a6 7. Qd2 Nf6 8. f3
Bb4 9. a3 Ba5 10. O-O-O Ne5 11. b4 Bb6 12. Na4 Ba7 13. b5 d5 14. b6 Qe7 15. Qc3
Bd7 16. Qb3 Bb8 17. Nc3 Nc4 18. Bxc4 dxc4 19. Qxc4 Qxa3+ 20. Kb1 Be5 21. Nb3 Bb5
22. Qc5 Qxc5 23. Nxc5 Bxc3 24. Nxb7 O-O 25. Nd6 Bc6 26. b7 Rfb8 27. Ka2 Bxb7 28.
Rd3 Be5 29. Nc4 Bc7 30. Rhd1 h6 31. Bb6 Rc8 32. Kb3 Bxh2 33. Na5 Bc6 34. c4 Rab8
35. c5 Bb5 36. R3d2 Nd7 37. Rxd7 Bxd7 38. Rxd7 Rxc5 39. Rd8+ Rxd8 40. Bxd8 Bc7 0-1

[Event "World Youth U16 Olympiad"]
[Site "Gyor HUN"]
[Date "2014.12.15"]
[Round "4.19"]
[Board "4"]
[White "Mayrhuber, Nikola"]
[Black "Nadzamova, Viktoria"]
[Result "1-0"]
[WhiteElo "1765"]
[BlackElo "1511"]
[WhiteTeam "Austria"]
[BlackTeam "Slovakia East"]
[WhiteFideId "1637819"]
[BlackFideId "14943999"]
[EventDate "2014.12.13"]
[EventType "team"]

1. d4 d5 2. Nf3 Nf6 3. c4 e6 4. Bg5 Be7 5. e3 O-O 6. Nc3 Nbd7 7. Rc1 a6 8. cxd5
exd5 9. Bd3 c6 10. O-O Ne8 11. Bxe7 Qxe7 12. Na4 Nd6 13. Nc5 g5 14. Nxd7 Bxd7
15. Ne5 Be6 16. h3 f6 17. Ng4 Qg7 18. f4 h5 19. Nh2 g4 20. f5 gxh3 21. Rc2 Bf7
22. Qf3 Kh8 23. Qxh3 Rg8 24. Rf3 Ne4 25. Bxe4 dxe4 26. Rf4 Rae8 27. a3 Qg3 28.
Qxg3 Rxg3 29. Nf1 Rg5 30. Rcf2 Bd5 31. Kh2 Kg7 32. Rh4 Kf7 33. Ng3 Rh8 34. Nxe4
Rg4 35. Rf4 Rg7 36. Ng3 Rhg8 37. Rh3 Rh7 38. Rfh4 Rg5 39. e4 Bb3 40. Rxh5 Rgxh5
41. Rxh5 Rg7 42. Rh4 Ke8 43. e5 Rf7 44. Rh8+ Ke7 45. Rb8 Bd5 46. Rxb7+ Kf8 47.
Rxf7+ Kxf7 48. Nh5 fxe5 49. dxe5 c5 50. g4 Bf3 51. Kg3 Bd1 52. Kf4 c4 53. Nf6
Ke7 54. Nd5+ Kf7 55. Nc3 Bb3 56. g5 Kg7 57. f6+ Kf7 58. Kf5 Bc2+ 59. Ne4 Kg8 60.
e6 Kf8 1-0

[Event "World Youth U16 Olympiad"]
[Site "Gyor HUN"]
[Date "2014.12.15"]
[Round "4.20"]
[Board "1"]
[White "Valkama, Eero"]
[Black "McGovern Leahy, Cian"]
[Result "1/2-1/2"]
[WhiteElo "2108"]
[BlackElo "1929"]
[WhiteTeam "Finland"]
[BlackTeam "Ireland"]
[WhiteFideId "507555"]
[BlackFideId "2508753"]
[EventDate "2014.12.13"]
[EventType "team"]

1. e4 e5 2. Nf3 Nc6 3. Bb5 a6 4. Ba4 Nf6 5. O-O Be7 6. Re1 b5 7. Bb3 d6 8. c3
O-O 9. d4 Bg4 10. d5 Na5 11. Bc2 c6 12. h3 Bc8 13. dxc6 Qc7 14. Nbd2 Qxc6 15.
Nf1 Be6 16. Ng3 Rac8 17. Ng5 Bd7 18. a4 Nc4 19. axb5 axb5 20. b3 Nb6 21. Bb2 h6
22. Nf3 Rfe8 23. Qe2 Ra8 24. Nh2 Bf8 25. Ng4 Nxg4 26. hxg4 g6 27. Nf1 Bg7 28.
Ne3 d5 29. exd5 Nxd5 30. Nxd5 Rxa1 31. Rxa1 Qxd5 32. c4 bxc4 33. bxc4 1/2-1/2

[Event "World Youth U16 Olympiad"]
[Site "Gyor HUN"]
[Date "2014.12.15"]
[Round "4.20"]
[Board "2"]
[White "Mirza, Diana"]
[Black "Syvalahti, Timo"]
[Result "1/2-1/2"]
[WhiteTitle "WCM"]
[WhiteElo "1768"]
[BlackElo "1923"]
[WhiteTeam "Ireland"]
[BlackTeam "Finland"]
[WhiteFideId "2503999"]
[BlackFideId "509515"]
[EventDate "2014.12.13"]
[EventType "team"]

1. e4 c5 2. c4 Nc6 3. Nc3 g6 4. g3 Bg7 5. Bg2 e6 6. Nge2 Nge7 7. O-O O-O 8. d3
d6 9. Be3 Nd4 10. Rb1 Nec6 11. Qd2 Qa5 12. Nc1 Rb8 13. Bh6 b5 14. Bxg7 Kxg7 15.
f4 Bd7 16. b3 Qc7 17. Nd1 a5 18. Ne3 bxc4 19. dxc4 Ne7 20. Nd3 f5 21. e5 Bc6 22.
exd6 Qxd6 23. Rbd1 Bxg2 24. Qxg2 Nec6 25. Nc2 e5 26. fxe5 Nxe5 27. Nxe5 Qxe5 28.
Nxd4 cxd4 29. Rfe1 Qc5 30. Qf2 Rbd8 31. Rd3 Rf7 32. Qd2 a4 33. Rd1 axb3 34. axb3
Re7 35. Re1 Re4 36. Ra1 Rd7 37. Ra5 Qe7 38. Ra2 Qe5 39. Kf2 Re7 40. b4 Re1 41.
Rf3 Qe4 42. Rf4 Qh1 43. Qxd4+ Kf7 44. Qd5+ Qxd5 45. cxd5 Rd1 46. g4 Rxd5 47.
gxf5 Rxf5 48. Rxf5+ gxf5 49. b5 Rb7 50. Rb2 Rb6 51. Kf3 Kf6 52. Kf4 h6 53. h3
Kg6 54. Rg2+ Kf6 55. Rb2 Kg6 56. Rg2+ 1/2-1/2

[Event "World Youth U16 Olympiad"]
[Site "Gyor HUN"]
[Date "2014.12.15"]
[Round "4.20"]
[Board "3"]
[White "Nazarova, Anastasia"]
[Black "Keating, Geoffrey"]
[Result "0-1"]
[WhiteTitle "WCM"]
[WhiteElo "1850"]
[BlackElo "1575"]
[WhiteTeam "Finland"]
[BlackTeam "Ireland"]
[WhiteFideId "34101737"]
[BlackFideId "2505746"]
[EventDate "2014.12.13"]
[EventType "team"]

1. e4 c6 2. d4 d5 3. Nc3 dxe4 4. Nxe4 Bf5 5. Ng3 Bg6 6. Nh3 e6 7. Nf4 Bd6 8. Bc4
Nf6 9. O-O Qc7 10. Nxg6 hxg6 11. c3 Nbd7 12. f4 O-O-O 13. b4 Rh4 14. Qf3 Rdh8
15. h3 Nb6 16. Bb3 Nbd5 17. Ne2 Nh5 18. Bxd5 cxd5 19. Bd2 Nf6 20. Be1 R4h7 21.
Ng3 Nd7 22. Qe3 Nb6 23. Ne2 Nc4 24. Qf3 Be7 25. Rd1 f5 26. Nc1 Nd6 27. Nd3 Ne4
28. Ne5 g5 29. fxg5 Bxg5 30. Ng6 Rg8 31. Ne5 Bh4 32. Bxh4 Rxh4 33. Rd3 g5 34. a4
Qh7 35. g4 f4 36. Qg2 Rh8 37. Rff3 Ng3 38. Rxg3 fxg3 39. Rxg3 Rxh3 40. Rxh3 Qxh3
41. Nf3 Qxg2+ 42. Kxg2 Rg8 43. Ne5 Kc7 44. Nf3 Kd7 45. Ne5+ Ke7 46. Nf3 Kf6 47.
Ng1 Rc8 48. Ne2 b6 49. Kf3 a5 50. Ke3 axb4 51. cxb4 Rc4 52. a5 bxa5 53. bxa5 Ra4
54. Nc1 Rxa5 55. Nd3 Ra1 56. Kf2 Ra2+ 57. Kf3 Ra3 58. Ke3 Rxd3+ 59. Kxd3 e5 60.
dxe5+ Kxe5 61. Ke3 d4+ 62. Kd3 Kd5 63. Kd2 Ke4 64. Ke2 Kf4 65. Kd3 Kxg4 66. Kxd4
Kf3 67. Ke5 g4 68. Kd5 g3 69. Kd4 g2 70. Ke5 g1=Q 71. Kd5 Qe1 72. Kd6 Kf4 73.
Kc5 Qd2 74. Kc4 Ke4 75. Kc5 Qd5+ 76. Kb4 Qc6 77. Ka3 Qb6 78. Ka2 Kd3 79. Ka1 Kc2 0-1

[Event "World Youth U16 Olympiad"]
[Site "Gyor HUN"]
[Date "2014.12.15"]
[Round "4.20"]
[Board "4"]
[White "Dwyer, Daniel"]
[Black "Lindholm, Jere"]
[Result "1-0"]
[WhiteElo "1777"]
[BlackElo "1745"]
[WhiteTeam "Ireland"]
[BlackTeam "Finland"]
[WhiteFideId "2507927"]
[BlackFideId "508012"]
[EventDate "2014.12.13"]
[EventType "team"]

1. e4 c5 2. Nf3 g6 3. c3 Bg7 4. d4 cxd4 5. cxd4 Nf6 6. Nc3 d6 7. Bc4 O-O 8. O-O
Bg4 9. h3 Bd7 10. Re1 Nc6 11. Be3 Rc8 12. Qe2 a6 13. a4 Qa5 14. Rad1 Nb4 15. e5
Ne8 16. Bg5 d5 17. Bb3 f6 18. Bd2 e6 19. Na2 Qb6 20. Bxb4 a5 21. Bxf8 1-0

[Event "World Youth U16 Olympiad"]
[Site "Gyor HUN"]
[Date "2014.12.15"]
[Round "4.21"]
[Board "1"]
[White "Karas, Marek"]
[Black "Loay, Sameer"]
[Result "1-0"]
[WhiteElo "2170"]
[BlackElo "1802"]
[WhiteTeam "Slovakia West"]
[BlackTeam "Jordan"]
[WhiteFideId "14928558"]
[BlackFideId "8104239"]
[EventDate "2014.12.13"]
[EventType "team"]

1. e4 d6 2. d4 g6 3. Nc3 Bg7 4. f4 Nf6 5. Nf3 O-O 6. Bd3 Nc6 7. d5 Nb8 8. O-O c6
9. dxc6 bxc6 10. Kh1 Nbd7 11. Be3 e6 12. Qd2 d5 13. exd5 exd5 14. f5 Ng4 15. Bf4
Nge5 16. Nxe5 Nxe5 17. Bh6 Ng4 18. Bxg7 Kxg7 19. Qf4 Nf6 20. Rae1 Bd7 21. g4 Qb8
22. g5 Nh5 23. Qd4+ Kg8 24. Re7 Qd6 25. Re3 Rae8 26. Ne4 Qc7 27. Nf6+ Nxf6 28.
gxf6 g5 29. Qg4 Rxe3 30. Qxg5+ Kh8 31. Qg7# 1-0

[Event "World Youth U16 Olympiad"]
[Site "Gyor HUN"]
[Date "2014.12.15"]
[Round "4.21"]
[Board "2"]
[White "Al-Bashayra, Yazan"]
[Black "Kavon, Rastislav"]
[Result "1/2-1/2"]
[WhiteElo "1780"]
[BlackElo "2153"]
[WhiteTeam "Jordan"]
[BlackTeam "Slovakia West"]
[WhiteFideId "8103879"]
[BlackFideId "14925648"]
[EventDate "2014.12.13"]
[EventType "team"]

1. e4 c5 2. Nf3 d6 3. d4 cxd4 4. Nxd4 Nf6 5. Nc3 g6 6. f3 Bg7 7. Be3 O-O 8. Qd2
Nc6 9. Bc4 Bd7 10. g4 Rc8 11. Bb3 Ne5 12. O-O-O Nc4 13. Bxc4 Rxc4 14. Nb3 Rc6
15. Bh6 Be6 16. h4 Qc7 17. Bxg7 Kxg7 18. Nd5 Bxd5 19. exd5 Rc4 20. h5 Rc8 21. c3
Kg8 22. Kb1 a5 23. hxg6 fxg6 24. g5 Nh5 25. Nd4 Qb6 26. Rc1 Rf8 27. Qe2 Rc7 28.
Ne6 Ng3 29. Qh2 Nxh1 30. Nxf8 Kxf8 31. Rxh1 e5 32. dxe6 Re7 33. Qf4+ Kg8 34. Qf6
Qd8 35. Re1 Qe8 36. Re4 Qd8 37. Ra4 Qe8 1/2-1/2

[Event "World Youth U16 Olympiad"]
[Site "Gyor HUN"]
[Date "2014.12.15"]
[Round "4.21"]
[Board "3"]
[White "Puskar, Peter"]
[Black "Saif, Malek"]
[Result "1-0"]
[WhiteElo "2051"]
[BlackElo "1782"]
[WhiteTeam "Slovakia West"]
[BlackTeam "Jordan"]
[WhiteFideId "14925842"]
[BlackFideId "8104220"]
[EventDate "2014.12.13"]
[EventType "team"]

1. d4 Nf6 2. c4 c5 3. d5 e6 4. Nc3 exd5 5. cxd5 d6 6. e4 a6 7. a4 g6 8. h3 Bg7
9. Nf3 Nbd7 10. Bf4 Qe7 11. Bd3 O-O 12. O-O Re8 13. Re1 Nh5 14. Bh2 Ne5 15. Be2
Nxf3+ 16. Bxf3 Be5 17. Bxh5 Bxh2+ 18. Kxh2 Qe5+ 19. g3 gxh5 20. f4 Qg7 21. Qxh5
Kh8 22. e5 dxe5 23. fxe5 Bd7 24. Re3 Rad8 25. Rf1 Rf8 26. Ne4 b6 27. Nf6 Bxa4
28. Rf4 Bc2 29. Qe2 Bg6 30. h4 b5 31. d6 c4 32. g4 Bd3 33. Qf3 b4 34. g5 a5 35.
Ng4 a4 36. Nh6 Rd7 37. e6 Qxb2+ 38. Kg3 Rxd6 39. Nxf7+ 1-0

[Event "World Youth U16 Olympiad"]
[Site "Gyor HUN"]
[Date "2014.12.15"]
[Round "4.21"]
[Board "4"]
[White "Thaer, Abu Alhaija"]
[Black "Vrtiakova, Anna"]
[Result "0-1"]
[WhiteElo "1487"]
[BlackElo "1866"]
[WhiteTeam "Jordan"]
[BlackTeam "Slovakia West"]
[WhiteFideId "8106215"]
[BlackFideId "14927870"]
[EventDate "2014.12.13"]
[EventType "team"]

1. e4 c5 2. Nf3 d6 3. Bb5+ Nd7 4. Bxd7+ Bxd7 5. d3 g6 6. Nc3 Bg7 7. Bf4 Nf6 8.
O-O O-O 9. h3 b5 10. a3 Bc6 11. Qd2 Rc8 12. Bh6 Qb6 13. Bxg7 Kxg7 14. Rfe1 Qb7
15. Ne2 e5 16. Ng3 h6 17. Nh4 Bd7 18. Re3 Rfe8 19. c3 d5 20. b3 d4 21. cxd4 cxd4
22. Ree1 Rc3 23. Rab1 Qa6 24. Rec1 Rec8 25. Rxc3 dxc3 26. Qc1 c2 27. Ra1 b4 28.
Qd2 bxa3 29. Nf3 Qb5 30. b4 a2 31. Ne2 Be6 32. Ne1 Qa4 33. Qc1 Qxb4 34. Kf1 a5
35. Kg1 a4 36. Kf1 Qb5 37. Kg1 Nxe4 38. g4 Nd6 39. f3 Bb3 40. Kg2 Qc5 41. Kf1 f5
42. Kg2 fxg4 43. hxg4 Rf8 44. Kg3 Nb5 45. Kg2 Nd4 46. Nxd4 exd4 47. Kf2 Qe5 48.
Ng2 Re8 49. Qd2 Rc8 50. Qc1 Bd5 51. Qd2 Qf6 52. Nf4 Qh4+ 53. Kg1 Qg3+ 54. Kf1
Qxf3+ 55. Kg1 Qh1+ 56. Kf2 Qxa1 57. Qb4 Qg1+ 58. Kxg1 c1=Q+ 59. Kf2 Qxf4+ 60.
Kg1 Rc1+ 61. Qe1 Rxe1# 0-1

[Event "World Youth U16 Olympiad"]
[Site "Gyor HUN"]
[Date "2014.12.15"]
[Round "4.22"]
[Board "1"]
[White "Csuta, Akos Koppany"]
[Black "Egri, Laszlo Jr."]
[Result "0-1"]
[WhiteElo "2027"]
[BlackElo "2118"]
[WhiteTeam "Györ (Hungary)"]
[BlackTeam "Transdanubium West 2"]
[WhiteFideId "760390"]
[BlackFideId "703397"]
[EventDate "2014.12.13"]
[EventType "team"]

1. e4 d6 2. d4 Nf6 3. Nc3 e5 4. dxe5 dxe5 5. Qxd8+ Kxd8 6. Bc4 Ke8 7. Nf3 Bd6 8.
Bg5 Nbd7 9. O-O a6 10. Rad1 b5 11. Bd5 Nxd5 12. Nxd5 f6 13. Be3 Bb7 14. Rd2 Bxd5
15. Rxd5 Rb8 16. b3 Ke7 17. Rfd1 Nb6 18. Bxb6 Rxb6 19. Nd2 Bb4 20. Nf1 Rd6 21.
Ne3 Ke6 22. c4 Rhd8 23. Nf5 Rxd5 24. Rxd5 Rxd5 25. cxd5+ Kf7 26. Kf1 g6 27. Ne3
Ke7 28. Ke2 Bc5 29. f3 Kd6 30. Kd3 Bxe3 31. Kxe3 Kc5 32. Kd3 Kb4 33. Kc2 Ka3 34.
Kb1 a5 35. Ka1 f5 36. Kb1 fxe4 37. fxe4 a4 38. bxa4 bxa4 39. Kc1 Kxa2 40. Kc2 g5
41. g4 h6 42. h3 a3 43. Kc1 Kb3 44. Kb1 Kc3 45. Ka2 Kd4 46. Kxa3 Kxe4 0-1